[Event "16. Sparkassen Open 2017 - Gruppe C"]
[Site "Forchheim"]
[Date "2017.09.29"]
[Round "1.15"]
[White "Englert, Lin"]
[Black "Gehrke, Jakob"]
[Result "0-1"]
[WhiteElo "1298"]
[BlackElo "1349"]
[PlyCount "66"]
[EventDate "2017.??.??"]
[WhiteTeam "TV-Großostheim"]
[BlackTeam "TV Tegernsee"]

1. e4 e5 2. Nf3 Nc6 3. Bb5 Bc5 4. O-O d6 5. d3 Nf6 6. Re1 O-O 7. c3 Ng4 8. h3
Nxf2 9. Qe2 Nxd3+ 10. Kh1 Nxe1 11. Qxe1 a6 12. Bxc6 bxc6 13. b4 Bb6 14. a4 a5
15. b5 cxb5 16. axb5 Bd7 17. c4 c6 18. bxc6 Bxc6 19. Nc3 a4 20. Qd1 Qd7 21. Ba3
Rfd8 22. Nd5 Bxd5 23. cxd5 f6 24. Rb1 Bc5 25. Ra1 Bxa3 26. Rxa3 Qb5 27. Re3 a3
28. Qa1 a2 29. Re1 Rdb8 30. Nd2 Qb2 31. Rd1 Qxd2 32. Rxd2 Rb1+ 33. Qxb1 axb1=Q+
0-1

[Event "16. Sparkassen Open 2017 - Gruppe C"]
[Site "Forchheim"]
[Date "2017.09.29"]
[Round "1.16"]
[White "Awiszus, Thomas"]
[Black "Warschak, Siegfried"]
[Result "0-1"]
[WhiteElo "1605"]
[BlackElo "1578"]
[PlyCount "64"]
[EventDate "2017.??.??"]
[WhiteTeam "SK Schmiden/Cannstatt"]
[BlackTeam "SC Höchstadt/Aisch"]

1. d4 g6 2. c4 Bg7 3. Nf3 d6 4. g3 Nf6 5. Nc3 O-O 6. Bg2 c5 7. d5 e5 8. e4 a6
9. O-O Bg4 10. Re1 Qc8 11. Na4 Qc7 12. Qb3 Nbd7 13. Bd2 b5 14. cxb5 axb5 15.
Qxb5 Rfb8 16. Qc4 Nb6 17. Nxb6 Qxb6 18. Bc3 Qa6 19. Nd2 Qxc4 20. Nxc4 Ne8 21.
f3 Bc8 22. Bf1 Bf8 23. Reb1 f5 24. b4 fxe4 25. fxe4 Nf6 26. Bg2 Ba6 27. Nd2 Bd3
28. Rb2 c4 29. h3 Bh6 30. Kf2 Bxd2 31. Bxd2 Nxe4+ 32. Bxe4 Bxe4 0-1

[Event "16. Sparkassen Open 2017 - Gruppe C"]
[Site "Forchheim"]
[Date "2017.09.29"]
[Round "1.17"]
[White "Schäfer, Emanuel"]
[Black "Schmiedt, Alexander"]
[Result "1-0"]
[WhiteElo "1409"]
[BlackElo "1292"]
[PlyCount "67"]
[EventDate "2017.??.??"]
[WhiteTeam "SC Ansbach"]
[BlackTeam "SK Rothenburg"]

1. d4 b6 2. e4 Bb7 3. Nc3 e6 4. Nf3 Bb4 5. Bd3 Nf6 6. e5 Nd5 7. Bd2 c5 8. Nxd5
Bxd2+ 9. Nxd2 Bxd5 10. Qg4 O-O 11. c4 Bb7 12. dxc5 bxc5 13. O-O Nc6 14. f4 Nd4
15. Qh3 g6 16. Be4 Rb8 17. b3 f5 18. Bd3 Qa5 19. Rf2 Qc3 20. Rd1 Qa5 21. Qe3
Qxa2 22. Ne4 Qxb3 23. Rb1 Qa4 24. Nxc5 Qc6 25. Qxd4 Rfd8 26. Rfb2 Ba8 27. Qf2
Rbc8 28. Nb3 d5 29. Nd4 Qd7 30. c5 Rxc5 31. Nxe6 Rc3 32. Nxd8 Rxd3 33. Rb8 Qa4
34. Nb7+ 1-0

[Event "16. Sparkassen Open 2017 - Gruppe C"]
[Site "Forchheim"]
[Date "2017.09.29"]
[Round "1.18"]
[White "Walbrecht, Quirin"]
[Black "Keck, Johannes"]
[Result "1-0"]
[WhiteElo "1278"]
[BlackElo "1083"]
[PlyCount "85"]
[EventDate "2017.??.??"]
[WhiteTeam "TV Tegernsee"]
[BlackTeam "SV Lauf"]

1. d4 d5 2. c4 dxc4 3. e3 Nf6 4. Bxc4 Nc6 5. Nf3 e6 6. Nc3 Bb4 7. Bd2 O-O 8.
O-O b6 9. a3 Bd6 10. e4 Be7 11. Be3 Bd7 12. h3 Re8 13. e5 Bf8 14. exf6 Qxf6 15.
Bg5 Qg6 16. Bd3 Qh5 17. Ne4 f5 18. Ng3 Qf7 19. Bf4 Bd6 20. Ne5 Bxe5 21. dxe5 h6
22. Qh5 Qxh5 23. Nxh5 Ne7 24. Be3 Rf8 25. f4 Rad8 26. Rad1 Nd5 27. Bc1 Bc6 28.
Bc2 Rd7 29. Ng3 Rfd8 30. Ne2 Bb5 31. Rfe1 c6 32. Nd4 Kf7 33. Nxb5 cxb5 34. Bb3
Ne7 35. Rxd7 Rxd7 36. Rd1 Rc7 37. Bd2 a5 38. Be3 Rb7 39. Rd6 Nd5 40. Bxd5 exd5
41. Rxd5 Ke6 42. Rd6+ Ke7 43. Bxb6 1-0

[Event "16. Sparkassen Open 2017 - Gruppe C"]
[Site "Forchheim"]
[Date "2017.09.29"]
[Round "1.19"]
[White "Thiele, Robert"]
[Black "Merdian, Nick"]
[Result "0-1"]
[WhiteElo "1078"]
[BlackElo "1275"]
[PlyCount "38"]
[EventDate "2017.??.??"]
[WhiteTeam "SC Forchheim"]
[BlackTeam "SC Postbauer-Heng"]

1. e4 e5 2. Nf3 Nc6 3. Bc4 Nf6 4. d3 d6 5. h3 Be7 6. c3 O-O 7. Bb3 Be6 8. Bc2
h6 9. Nbd2 Qd7 10. Nf1 Rfe8 11. Ng3 Rad8 12. Nf5 Bxf5 13. exf5 Qxf5 14. d4 e4
15. Nh4 Qe6 16. g3 d5 17. O-O Qxh3 18. Ng2 Ng4 19. f3 Qh2# 0-1

[Event "16. Sparkassen Open 2017 - Gruppe C"]
[Site "Forchheim"]
[Date "2017.09.29"]
[Round "1.20"]
[White "Seidl, Josef"]
[Black "Schwitulla, Jochen"]
[Result "1-0"]
[WhiteElo "1592"]
[BlackElo "1075"]
[PlyCount "81"]
[EventDate "2017.??.??"]
[WhiteTeam "TSV Kreuzberg"]
[BlackTeam "Aschaffenburg-Schweinheim"]

1. f4 f5 2. Nf3 Nc6 3. d4 e6 4. e3 Nf6 5. Be2 Ne4 6. O-O b6 7. Nbd2 Nxd2 8.
Bxd2 Bb7 9. Be1 Qe7 10. Bf2 Qd6 11. c4 O-O-O 12. Ng5 Re8 13. Nf7 Qe7 14. Bh5 g6
15. Nxh8 Bg7 16. Nxg6 hxg6 17. Bf3 Kb8 18. Rb1 Bf6 19. b4 Nxb4 20. Bxb7 Kxb7
21. c5 Rc8 22. Rxb4 g5 23. Rb3 g4 24. g3 Qh7 25. Qe2 Rh8 26. Be1 Rc8 27. Qg2+
Kb8 28. c6 dxc6 29. Qxc6 Qf7 30. Bf2 Qe8 31. Rc1 Qf7 32. Rcb1 Qe7 33. a4 Qe8
34. Qxe8 Rxe8 35. a5 Kb7 36. Ra3 Ka6 37. Rc1 Re7 38. Rac3 Kxa5 39. Rxc7 Rxc7
40. Rxc7 Ka6 41. Be1 1-0

[Event "16. Sparkassen Open 2017 - Gruppe C"]
[Site "Forchheim"]
[Date "2017.09.29"]
[Round "1.21"]
[White "Held, Werner"]
[Black "Steindl, Horst"]
[Result "0-1"]
[WhiteElo "1071"]
[BlackElo "1261"]
[PlyCount "122"]
[EventDate "2017.??.??"]
[WhiteTeam "Zabo-Eintracht Nürnberg"]
[BlackTeam "SW Nürnberg Süd"]

1. e4 c6 2. d4 d5 3. e5 g6 4. Nf3 Bg7 5. b3 Bg4 6. c4 e6 7. c5 Ne7 8. Be2 O-O
9. h3 Bxf3 10. Bxf3 Nf5 11. g4 Ne7 12. h4 f5 13. g5 b5 14. b4 a5 15. Bd2 axb4
16. Bxb4 Na6 17. Bc3 h5 18. gxh6 Bxh6 19. Rg1 Kh7 20. Qe2 Rg8 21. Bd2 Bxd2+ 22.
Nxd2 Nb4 23. Kf1 Nxa2 24. Nb1 Nb4 25. Rxa8 Qxa8 26. Kg2 Qa2 27. Qxa2 Nxa2 28.
Kh3 Kh6 29. Nd2 Nc3 30. Rc1 Ne4 31. Nxe4 fxe4 32. Bg4 Nf5 33. Bxf5 gxf5 34. Ra1
Kh5 35. Ra6 Rg4 36. Rxc6 Rxh4+ 37. Kg2 Rg4+ 38. Kf1 Rg6 39. Rb6 f4 40. Rxb5 e3
41. f3 Rg7 42. c6 Rc7 43. Rc5 Kg5 44. Ke2 Kh4 45. Rc1 Kh3 46. Rh1+ Kg2 47. Rc1
Kg3 48. Rc2 Kh4 49. Rc1 Kg5 50. Rc2 Kg6 51. Rc1 Kf7 52. Rc2 Ke8 53. Kf1 Kd8 54.
Ke1 Kc8 55. Ke2 Ra7 56. Kd3 Ra6 57. Ke2 Kc7 58. Kd3 Rxc6 59. Rxc6+ Kxc6 60. Ke2
Kb5 61. Kd3 Kb4 0-1

[Event "16. Sparkassen Open 2017 - Gruppe C"]
[Site "Forchheim"]
[Date "2017.09.29"]
[Round "1.22"]
[White "Hamscher, Markus"]
[Black "Focsa Lutz, Tudor"]
[Result "1-0"]
[WhiteElo "1255"]
[BlackElo "1064"]
[PlyCount "55"]
[EventDate "2017.??.??"]
[WhiteTeam "SG Meiderich/Ruhrort"]
[BlackTeam "SV Seubelsdorf"]

1. d4 e6 2. c4 d5 3. cxd5 exd5 4. Nc3 Nf6 5. Bg5 Bb4 6. a3 Bxc3+ 7. bxc3 Nbd7
8. e3 O-O 9. Nf3 h6 10. Bh4 b6 11. Qc2 Bb7 12. Ne5 g5 13. Bg3 Ne4 14. Nxd7 Qxd7
15. Bd3 f5 16. Be5 c5 17. f3 c4 18. Be2 Nd6 19. g4 Ne4 20. fxe4 fxe4 21. h4
gxh4 22. Rxh4 Kf7 23. Rxh6 Ke8 24. Rd6 Qe7 25. Qa4+ Kf7 26. Rd7 Qxd7 27. Qxd7+
Kg8 28. Qg7# 1-0

[Event "16. Sparkassen Open 2017 - Gruppe C"]
[Site "Forchheim"]
[Date "2017.09.29"]
[Round "1.23"]
[White "Heimann, Jonas"]
[Black "Wirtz-Stark, Jürgen"]
[Result "0-1"]
[WhiteElo "1062"]
[BlackElo "1452"]
[PlyCount "54"]
[EventDate "2017.??.??"]
[WhiteTeam "SC Forchheim"]
[BlackTeam "SK Rothenburg"]

1. e4 e6 2. Nf3 d5 3. Bd3 Bd6 4. O-O Nd7 5. Nc3 Ne7 6. Re1 Ne5 7. exd5 Nxd3 8.
cxd3 c6 9. dxe6 Bxe6 10. h3 O-O 11. b3 Qd7 12. Ng5 Bf5 13. g4 Bxd3 14. Re3 Ba6
15. Qc2 Ng6 16. f3 Bf4 17. Re1 Bxg5 18. Bb2 Qd4+ 19. Kh1 Qf2 20. Ne4 Qxf3+ 21.
Kg1 Nf4 22. d4 Nxh3+ 23. Kh2 Qxg4 24. Nxg5 Nxg5 25. Rg1 Nf3+ 26. Kh1 Qh3+ 27.
Qh2 Qxh2# 0-1

[Event "16. Sparkassen Open 2017 - Gruppe C"]
[Site "Forchheim"]
[Date "2017.09.29"]
[Round "1.24"]
[White "Hauck, Martin"]
[Black "Plinz, Tim"]
[Result "1-0"]
[WhiteElo "1440"]
[BlackElo "1401"]
[PlyCount "45"]
[EventDate "2017.??.??"]
[WhiteTeam "SC Noris-Tarrasch Nürnberg"]
[BlackTeam "SK Schwanstetten"]

1. e4 e5 2. Nf3 Nc6 3. Nc3 Bc5 4. Bc4 Nf6 5. d3 h6 6. O-O O-O 7. Qe2 Nd4 8.
Nxd4 Bxd4 9. Nd5 c6 10. Nxf6+ Qxf6 11. c3 Bb6 12. Be3 Bxe3 13. fxe3 Qe7 14. Qh5
d6 15. d4 exd4 16. exd4 Be6 17. Bd3 d5 18. Rae1 Rad8 19. Re3 Rd7 20. Rg3 dxe4
21. Qxh6 g6 22. Bxe4 Qd6 23. Bxg6 1-0

[Event "16. Sparkassen Open 2017 - Gruppe C"]
[Site "Forchheim"]
[Date "2017.09.29"]
[Round "1.25"]
[White "Sargsyan, Arusyak"]
[Black "Gehrke, Korbinian"]
[Result "0-1"]
[WhiteElo "1006"]
[BlackElo "1258"]
[PlyCount "132"]
[EventDate "2017.??.??"]
[WhiteTeam "SW Nürnberg Süd"]
[BlackTeam "TV Tegernsee"]

1. e4 c5 2. Nf3 d6 3. c3 Nf6 4. d3 g6 5. Nbd2 Nc6 6. g3 Bg4 7. Bg2 Bg7 8. O-O
O-O 9. Qe1 b6 10. d4 Bc8 11. e5 Nh5 12. Ng5 d5 13. Qe3 e6 14. g4 Bh6 15. Ndf3
Ng7 16. Nxe6 Bxe3 17. Nxd8 Bxf2+ 18. Rxf2 Rxd8 19. h3 cxd4 20. cxd4 Ne6 21. Be3
Ba6 22. Rd1 Nb4 23. a3 Nd3 24. Rfd2 Ndf4 25. Rc2 Bd3 26. Rf2 Ba6 27. Ne1 Nxg2
28. Nxg2 Rac8 29. Rf6 Rc2 30. Rf2 Rc4 31. Nf4 Nxf4 32. Bxf4 Rdc8 33. Bh6 Rc2
34. Rxc2 Rxc2 35. Rd2 Rc1+ 36. Kg2 Rc4 37. Kg3 Rc6 38. Rf2 Bc8 39. Rf6 Be6 40.
h4 Rc2 41. Rf2 Rc4 42. Rd2 Rc1 43. h5 Rg1+ 44. Rg2 Rxg2+ 45. Kxg2 Bxg4 46. hxg6
hxg6 47. Kg3 Be6 48. Kf4 Kh7 49. Kg5 a5 50. b4 axb4 51. axb4 b5 52. Bf8 Kh8 53.
Kh6 Kg8 54. Bg7 Bf5 55. Bf6 Kf8 56. Bg5 Be6 57. Kh7 Ke8 58. Kg8 f6+ 59. Kg7
fxg5 60. Kxg6 g4 61. Kh5 g3 62. Kh4 g2 63. Kh5 g1=Q 64. Kh6 Qg8 65. Kh5 Qg7 66.
Kh4 Qg4# 0-1

[Event "16. Sparkassen Open 2017 - Gruppe C"]
[Site "Forchheim"]
[Date "2017.09.29"]
[Round "1.26"]
[White "Antonava, Sviatlana"]
[Black "Haller, Inna"]
[Result "1/2-1/2"]
[WhiteElo "1199"]
[BlackElo "946"]
[PlyCount "139"]
[EventDate "2017.??.??"]
[WhiteTeam "SK Ladenburg"]
[BlackTeam "Aschaffenburg-Schweinheim"]

1. c4 c5 2. g3 Nc6 3. Bg2 Nf6 4. b3 e5 5. Bb2 d5 6. d3 Be7 7. Nd2 Qd6 8. e3 Nb4
9. Ndf3 Bg4 10. Ne2 e4 11. cxd5 Nxd3+ 12. Kf1 Nxb2 13. Qc2 Nd3 14. Nd2 Qxd5 15.
Nc4 O-O 16. Rd1 Qh5 17. Rd2 Rad8 18. h3 Bf3 19. Bxf3 Qxf3 20. Rh2 Nh5 21. a4
Bd6 22. Nxd6 Rxd6 23. Nf4 Nxg3+ 24. Kg1 Rfd8 25. fxg3 Qxe3+ 26. Kf1 g5 27. Nxd3
exd3 28. Qc4 b6 29. Rhf2 R8d7 30. h4 Qxg3 31. hxg5 Qh3+ 32. Kg1 Rd4 33. Qa6
Rg4+ 34. Rg2 Rxg2+ 35. Rxg2 d2 36. Qc8+ Kg7 37. Rxd2 Qe3+ 38. Rf2 Rd1+ 39. Kg2
Qxg5+ 40. Kf3 Rd3+ 41. Ke4 Qd5+ 42. Kf4 Qd4+ 43. Kg5 Qd5+ 44. Qf5 Qxf5+ 45.
Kxf5 Rd5+ 46. Ke4 Rd8 47. Ra2 h5 48. a5 b5 49. a6 Kg6 50. Ra5 Rd6 51. Rxb5 Rxa6
52. Rxc5 Rb6 53. Rc3 Kh6 54. Kf5 a5 55. Rh3 Rg6 56. Rh4 Rg3 57. b4 axb4 58.
Rxb4 Rg5+ 59. Kf6 Rg7 60. Rh4 Rg4 61. Rh2 Rf4+ 62. Ke5 Rf1 63. Ke4 f5+ 64. Ke3
Kg6 65. Rg2+ Kh6 66. Rh2 Ra1 67. Kf4 Ra5 68. Rg2 h4 69. Rh2 Kh5 70. Rh3 1/2-1/2

[Event "16. Sparkassen Open 2017 - Gruppe C"]
[Site "Forchheim"]
[Date "2017.09.29"]
[Round "1.27"]
[White "Albayrak, Melissa"]
[Black "Emge, Albin"]
[Result "0-1"]
[WhiteElo "835"]
[BlackElo "1189"]
[PlyCount "68"]
[EventDate "2017.??.??"]
[WhiteTeam "Zabo-Eintracht Nürnberg"]
[BlackTeam "SC Königsspringer Alzenau"]

1. e4 e5 2. Nf3 Nc6 3. Bb5 a6 4. Ba4 b5 5. Bb3 Nf6 6. d3 d6 7. O-O Be7 8. Bd2
O-O 9. Ng5 Qe8 10. Bxf7+ Rxf7 11. Nxf7 Qxf7 12. Nc3 Bg4 13. Qe1 Be6 14. Bg5 Nd4
15. Qd2 c6 16. Be3 Rd8 17. Bxd4 exd4 18. Ne2 c5 19. b3 Ng4 20. h3 Ne5 21. Nf4
Bg5 22. g3 Nf3+ 23. Kg2 Nxd2 24. Rfd1 Bxf4 25. gxf4 Qxf4 26. Rg1 Rf8 27. Rae1
Nf3 28. Rh1 Nxe1+ 29. Rxe1 Qxf2+ 30. Kh1 Qxe1+ 31. Kh2 Rf2+ 32. Kg3 Qg1+ 33.
Kh4 Rf4+ 34. Kh5 Qg6# 0-1

[Event "16. Sparkassen Open 2017 - Gruppe C"]
[Site "Forchheim"]
[Date "2017.09.29"]
[Round "1.28"]
[White "Stark, Raphael"]
[Black "Leisterer, Elias"]
[Result "1-0"]
[WhiteElo "1176"]
[BlackElo "764"]
[PlyCount "93"]
[EventDate "2017.??.??"]
[WhiteTeam "SK Rothenburg"]
[BlackTeam "SC Forchheim"]

1. e4 e5 2. Nf3 Nf6 3. Nxe5 Bc5 4. d3 O-O 5. Bg5 Nc6 6. Nxc6 dxc6 7. Be2 h6 8.
Bh4 Be7 9. Nd2 a6 10. O-O Be6 11. h3 Re8 12. Nf3 Qd6 13. e5 Qd7 14. exf6 Bxf6
15. Bxf6 gxf6 16. Qd2 Bd5 17. Rfe1 Bxf3 18. Bxf3 Rxe1+ 19. Rxe1 f5 20. Qxh6 Qd6
21. Qg5+ Qg6 22. Qxg6+ fxg6 23. Re7 Kf8 24. Rxc7 Rb8 25. d4 f4 26. d5 cxd5 27.
Bxd5 g5 28. Rxb7 Rxb7 29. Bxb7 a5 30. c3 g4 31. b4 axb4 32. cxb4 gxh3 33. a4
Ke7 34. a5 Kd7 35. a6 Kc7 36. gxh3 Kb8 37. h4 f3 38. h5 Ka7 39. h6 Kb6 40. b5
Kxb5 41. a7 Kb6 42. a8=Q Kc5 43. h7 Kd4 44. h8=Q+ Kc5 45. Qe5+ Kc4 46. Qa4+ Kd3
47. Qe3# 1-0